| 000 | 00708cam a22002531 4500 | ||
|---|---|---|---|
| 001 | sa 64001690 | ||
| 003 | DLC | ||
| 005 | 20260227112004.0 | ||
| 008 | 800721s1962 ii b 000 0 eng | ||
| 010 | _asa 64001690 | ||
| 025 | _aPL480:I-E-2533 | ||
| 035 | _a(OCoLC)6536554 | ||
| 040 |
_aDLC _cLU _dDLC |
||
| 042 | _apremarc | ||
| 043 | _aa-ii--- | ||
| 050 | 0 | 0 |
_aHD3538 _b.I9 |
| 100 | 1 | _aIyengar, A. S. K. | |
| 245 | 1 | 2 |
_aA study in the co-operative movement in India: _bfacts, theory, polemics. _cForeword by S. K. Dey. |
| 250 | _a[1st ed.] | ||
| 260 |
_aBombay, _bCurrent Book House _c[1962?] |
||
| 300 |
_a253 p. _c23 cm. |
||
| 504 | _aBibliography: [203]-205. | ||
| 650 | 0 |
_aCooperation _zIndia. |
|
| 999 |
_c56864 _d56864 |
||